00422cam a2200157ua 45000010005000000080039000050400009000440820013000531000037000662450054001032500009001572600038001663000017002046530018002216530025002394083111214n ii |||gr||||Z||||||asm cMAIN a891.4511 aHazarika, Atulchandra,eEditor.,11aMaraha phular karoniced. by Atulchandra Hazarika a2nd. aGuwahati:bLawyes book stall,964. a369p:c23cm. aAssamese poem aMaraha phular karoni